Statistics for Evolution of Austria by Coat of Arms

Click here to take the quiz!

General Stats

  • This quiz has been taken 12 times
  • The average score is 9 of 12

Answer Stats

Answer% Correct
{Duchy} of Austria
100%
({Holy} {Roman} {Empire})
100%
Austrian {Empire}
100%
Austria-{Hungary}
100%
{German} Austria
83%
{Allied}-occupied Austria
83%
{Archduchy} of Austria
67%
{Reichsgau} of the Ostmark
67%
{Margraviate} of Austria
50%
{First} (Austrian) {Republic}
50%
{Second} (Austrian) {Republic}
50%
{Ständestaat}/{Federal State} of Austria
33%

Score Distribution

Percentile by Number Answered

Percent of People with Each Score

Your Score History

You have not taken this quiz